000 00333nam a22001337a 4500
008 181016b xxu||||| |||| 00| 0 eng d
020 _a9781557982728
041 _aeng
080 _a159.9
100 _a48
101 _aPSI
245 _aReason to Hope a Psychosocial perspective on violence & youth
_cEron, L.D
942 _2udc
_cBK
999 _c49899
_d49899